00333nam a2200121Ia 4500008004100000041000800041082001700049100001900066245004500085260003900130300003000169365001200199240624s9999 xx 000 0 und d aeng a658.4012 BAG aBAGHAI MEHRDAD aALCHEMY OF GROWTH KICKSTARTING AND SUSTA c1999aLondonbOrion Business Books axv, : 250 : p. : cm. ; 23 cBPSb35